000 00222nam a2200097Ia 4500
008 240331s9999 xx 000 0 und d
082 _a010
_bKNO
100 _aASR
245 0 _aKnowledge is Power :
_buse it share it
942 _cL
999 _c634
_d634